| Поле | Инд. | ПП | Название | Значение |
|---|---|---|---|---|
| Тип записи | a | |||
| Библиографический уровень | m | |||
| 001 | Контрольный номер | aa4cf92958c04dc5a0e333aa65cad50e | ||
| 005 | Дата корректировки | 20260703113545.0 | ||
| 020 | a | ISBN | 978-5-00245-566-9 | |
| 040 | a | Служба первич. каталог. | 10013504 | |
| b | Код языка каталог. | rus | ||
| e | Правила каталог. | PSBO | ||
| 041 | 0_ | a | Код языка текста | rus |
| 090 | r | Идентификатор организации | 10013504 | |
| 100 | 1_ | a | Автор | Моисеев В.С. |
| 245 | 10 | a | Заглавие | Динамика, последствия и устранение неуправляемых движений беспилотных летательных аппаратов |
| 260 | a | Место издания | Казань | |
| b | Издательство | РИЦ "Школа" | ||
| c | Дата издания | 2026 | ||
| 300 | a | Объем | 207 с. | |
| b | Иллюстрации/ тип воспроизводства | ил. | ||
| 440 | _0 | a | Серия | Современная прикладная математика и информатика |
| 500 | a | Примечание | К 95-летию Казанского ордена Трудового Красного Знамени и ордена Дружбы Народов авиационного института им. А.Н. Туполева (ныне КНИТУ им. А.Н. Туполева - КАИ) | |
| 504 | a | Библиография | Библиогр.: с. 206-207 (18 назв.) | |
| 520 | 0_ | a | Аннотация | В книге рассматривается практически неисследованная в настоящее время проблема исследования движений беспилотных летательных аппаратов (БЛА) при внезапном прекращении действия запланированных программных управляющих воздействий. Причинами такой ситуации могут быть наступление постепенных и внезапных отказов бортового оборудования БЛА, резкие порывы ветра, воздействие средств ПВО и др. Для проведения исследований вводится понятие «обрыв управления» динамическим объектом (системой), которым является современный БЛА. Предлагаемые в монографии методы описания динамики движения БЛА при «обрывах» программного управления и их последствиях при ударе о земную поверхность рассматриваются для широко распространенных в настоящее время аппаратов самолетного типа. Предлагаются подходы, обеспечивающие устранение возникающих неуправляемых движений такого типа БЛА путем восстановления их программного управления. Приведенные подходы к описанию динамики, оценки последствий и устранения неуправляемых движений могут быть достаточно просто распространены на аппараты вертолетного и многороторного (мультикоптернго) типов |
| 856 | 40 | u | URL | http://elibrary.mai.ru/MegaPro/Download/ToView/80075?idb=NewMAI2014 |
| 900 | a | Имя макрообъекта | обложка. Динамика, последствия и устранение неуправляемых движений беспилотных летательных аппаратов. В.С. Моисеев, 2026 | |
| 900 | a | Имя макрообъекта | Динамика, последствия и устранение неуправляемых движений беспилотных летательных аппаратов. В.С. Моисеев, 2026 | |
| 901 | t | Тип документа | m | |
| 952 | a | Тип литературы для КСУ ВШ | КНР | |
| a | Тип литературы для КСУ ВШ | ЭНР | ||
| c | Вид литературы | монография |